[Event "80th ARM-ch 1st League 2019"]
[Site "Yerevan"]
[Date "2019.08.20"]
[Round "3.2"]
[White "Baghdasaryan, Vahe"]
[Black "Khojayan, Vardan"]
[Result "1-0"]
[WhiteElo "2373"]
[BlackElo "2236"]
[Annotator "NA"]
[PlyCount "159"]
[EventDate "2019.08.18"]
[EventType "tourn"]
[EventCountry "ARM"]
[SourceTitle "playchess.com"]
[Source "ChessBase"]
[SourceQuality "1"]
[TimeControl "40/5400+30:1800+30"]

1. e4 {[%emt 0:00:00]} e5 {[%emt 0:00:56]} 2. Nf3 {[%emt 0:00:04]} Nc6 {[%emt 0:00:08]} 3. Bc4 {[%emt 0:00:06]} Bc5 {[%emt 0:00:17]} 4. b4 {[%emt 0:00:20]} Bxb4 {[%emt 0:01:02]} 5. c3 {[%emt 0:00:11]} Ba5 {[%emt 0:00:05]} 6. d4 {[%emt 0:00:46]} d6 {[%emt 0:09:04]} 7. Qb3 {[%emt 0:00:29]} Qd7 {[%emt 0:04:29]} 8. O-O {[%emt 0:01:36]} Bb6 {[%emt 0:08:36] C52: Evans Gambit Accepted: 5 c3 Ba5} 9. Nbd2 {[%emt 0:00:57]} (9. Bb5 a6 10. Ba4 Ba7 11. Na3 Nge7 12. d5 b5 13. Nxb5 axb5 14. Bxb5 O-O 15. dxc6 Qg4 16. Qc2 {0-1 (48) Li,C (2751)-Ding,L (2766) Huaian 2016}) 9... Nf6 {[%emt 0:04:14]} 10. dxe5 $1 {[%emt 0:16:34]} Ng4 {[%emt 0:00:28]} 11. exd6 {[%emt 0:02:13]} O-O $146 {[%emt 0:08:33]} ({Predecessor:} 11... cxd6 12. Ba3 O-O 13. Rad1 Qc7 14. Bd5 Na5 15. Qc2 Bc5 16. Bb2 {1-0 (63) Hartmann,J (2087)-Erofeev,A (1951) Willingen 2018}) 12. Bb5 {[%emt 0:02:47]} Qxd6 {[%emt 0:16:11]} 13. Ba3 {[%emt 0:06:26]} Bc5 {[%emt 0:03:50]} 14. Nc4 {[%emt 0:00:37]} Qe7 $1 {[%emt 0:00:12]} 15. Bxc6 {[%emt 0:00:31]} bxc6 {[%emt 0:00:04]} 16. Bxc5 {[%emt 0:01:07]} Qxc5 {[%emt 0:00:05]} 17. Qb4 {[%emt 0:00:13]} Qh5 {[%emt 0:04:05]} 18. Qa5 {[%emt 0:05:54]} Qb5 {[%emt 0:05:41]} 19. Qxb5 $11 {[%emt 0:03:41]} cxb5 {[%emt 0:00:05]} 20. Na5 {[%emt 0:00:38]} Nf6 {[%emt 0:04:21]} 21. e5 {[%emt 0:03:49]} Ne4 {[%emt 0:02:05]} 22. Rac1 {[%emt 0:00:51]} Be6 {[%emt 0:07:27]} 23. Nd4 {[%emt 0:07:37]} Bxa2 {[%emt 0:01:17]} 24. Nxb5 {[%emt 0:01:51]} Rab8 {[%emt 0:00:50]} 25. Nxa7 {[%emt 0:04:46]} Rb2 {[%emt 0:02:07]} 26. N7c6 {[%emt 0:02:39]} f6 {[%emt 0:01:02]} 27. f3 {[%emt 0:03:01]} Nc5 {[%emt 0:02:48]} 28. exf6 {[%emt 0:01:16]} Rxf6 {[%emt 0:00:46]} 29. Nb4 {[%emt 0:00:05]} Be6 {[%emt 0:01:46]} 30. Rf2 {[%emt 0:01:00]} Rxf2 {[%emt 0:01:08]} 31. Kxf2 {[%emt 0:00:03]} g5 {[%emt 0:00:16]} 32. Re1 {[%emt 0:03:56]} g4 {[%emt 0:00:26]} 33. Re5 {[%emt 0:00:56]} Nd7 {[%emt 0:00:31]} 34. Rg5+ {[%emt 0:08:22]} Kf8 {[%emt 0:00:40]} 35. Nd5 {[%emt 0:02:44]} Bxd5 {[%emt 0:00:08]} 36. Rxd5 {[%emt 0:00:02]} Ke7 {[%emt 0:00:06]} 37. Rh5 {[%emt 0:00:57]} h6 {[%emt 0:00:23]} 38. Nc4 {[%emt 0:00:11]} gxf3 {[%emt 0:03:06]} 39. gxf3 {[%emt 0:00:08]} Rc6 {[%emt 0:02:02]} 40. Ne3 {[%emt 0:00:00]} Kf7 {[%emt 0:00:00]} 41. c4 {[%emt 0:03:42]} Kg6 {[%emt 0:06:33]} 42. Rh4 {[%emt 0:02:02]} Nf6 {[%emt 0:04:26]} 43. f4 {[%emt 0:07:27]} Rd6 {[%emt 0:08:11]} 44. Rh3 {[%emt 0:15:35]} c5 {[%emt 0:05:27]} 45. Rxh6+ {[%emt 0:00:44]} Kf7 {[%emt 0:01:17]} 46. Kf3 {[%emt 0:01:31]} Rd4 {[%emt 0:00:36]} 47. Nf5 {[%emt 0:07:57]} Rd3+ {[%emt 0:00:15]} 48. Ke2 {[%emt 0:00:03]} Ra3 {[%emt 0:00:39]} 49. Rh8 {[%emt 0:01:11]} Ne4 {[%emt 0:01:02]} 50. h4 {[%emt 0:02:23]} Kg6 {[%emt 0:02:58]} 51. Ne3 {[%emt 0:01:26]} Ng3+ {[%emt 0:00:57]} 52. Kf2 {[%emt 0:00:53]} Ne4+ {[%emt 0:00:08]} 53. Kf3 {[%emt 0:00:12]} Nd2+ {[%emt 0:00:07]} 54. Ke2 {[%emt 0:00:09]} Ne4 {[%emt 0:01:26]} 55. h5+ {[%emt 0:01:05]} Kg7 {[%emt 0:00:19]} 56. Rc8 {[%emt 0:03:06]} Ng3+ {[%emt 0:01:42]} 57. Kf3 {[%emt 0:00:20]} Nf5 {[%emt 0:00:27]} 58. Re8 {[%emt 0:00:08]} Nd6 {[%emt 0:00:06]} 59. h6+ {[%emt 0:00:06]} Kh7 {[%emt 0:02:51]} 60. Re7+ {[%emt 0:00:18]} Kh8 {[%emt 0:00:13]} 61. Kg4 {[%emt 0:00:47]} Ra1 {[%emt 0:01:03]} 62. Rd7 {[%emt 0:00:58]} Rg1+ {[%emt 0:00:25]} 63. Kf3 {[%emt 0:00:56]} Rg6 {[%emt 0:00:15]} 64. h7 {[%emt 0:02:38]} Rh6 {[%emt 0:00:02]} 65. Ng4 {[%emt 0:00:38]} Nf7 {[%emt 0:05:11]} 66. Nxh6 {[%emt 0:06:15]} Ne5+ {[%emt 0:00:03]} 67. Ke4 {[%emt 0:00:04]} Nxd7 {[%emt 0:00:03]} 68. Kd5 {[%emt 0:00:21]} Kxh7 {[%emt 0:00:04]} 69. Ng4 {[%emt 0:00:08]} Kg7 {[%emt 0:00:10]} 70. f5 {[%emt 0:00:18]} Kf8 {[%emt 0:01:30]} 71. Kd6 {[%emt 0:01:16]} Ke8 {[%emt 0:00:19]} 72. f6 {[%emt 0:00:20]} Nf8 {[%emt 0:00:27]} 73. Ne5 {[%emt 0:00:54]} Nh7 {[%emt 0:00:03]} 74. f7+ {[%emt 0:00:11]} Kf8 {[%emt 0:00:04]} 75. Kxc5 {[%emt 0:00:09]} Ke7 {[%emt 0:00:20]} 76. Kb6 {[%emt 0:01:21]} Ng5 {[%emt 0:05:38]} 77. c5 {[%emt 0:00:12]} Ne4 {[%emt 0:00:09]} 78. c6 {[%emt 0:00:14]} Nd6 {[%emt 0:00:07]} 79. c7 {[%emt 0:00:07]} Kf8 {[%emt 0:00:34]} 80. Kc6 {[%emt 0:00:12]} 1-0

[Event "80th ARM-ch 1st League 2019"]
[Site "Yerevan"]
[Date "2019.08.20"]
[Round "3.3"]
[White "Gharibyan, Mamikon"]
[Black "Davtyan, Artur"]
[Result "1/2-1/2"]
[WhiteElo "2365"]
[BlackElo "2440"]
[Annotator "NA"]
[PlyCount "66"]
[EventDate "2019.08.18"]
[EventType "tourn"]
[EventCountry "ARM"]
[SourceTitle "playchess.com"]
[Source "ChessBase"]
[SourceQuality "1"]
[TimeControl "40/5400+30:1800+30"]

1. d4 {[%emt 0:00:00]} Nf6 {[%emt 0:00:37]} 2. c4 {[%emt 0:00:24]} e6 {[%emt 0:00:04]} 3. Nf3 {[%emt 0:00:33]} d5 {[%emt 0:00:03]} 4. Nc3 {[%emt 0:02:11]} Be7 {[%emt 0:00:06]} 5. cxd5 {[%emt 0:03:46]} exd5 {[%emt 0:00:24]} 6. Qc2 {[%emt 0:00:18]} c6 {[%emt 0:01:27]} 7. h3 {[%emt 0:05:12]} O-O {[%emt 0:03:35]} 8. Bf4 {[%emt 0:01:35]} g6 {[%emt 0:00:53]} 9. e3 {[%emt 0:14:19]} Bf5 {[%emt 0:00:02]} 10. Bd3 {[%emt 0:00:07]} Bxd3 {[%emt 0:00:14]} 11. Qxd3 {[%emt 0:00:04]} Na6 {[%emt 0:03:42]} 12. O-O {[%emt 0:03:10]} Nc7 {[%emt 0:00:10]} 13. Rab1 {[%emt 0:02:00]} Ne6 {[%emt 0:02:15]} 14. Bh2 {[%emt 0:04:00]} a5 {[%emt 0:02:21]} 15. a3 {[%emt 0:00:44]} Nd7 {[%emt 0:25:25]} 16. b4 {[%emt 0:09:51]} b5 $15 {[%emt 0:14:59]} 17. Na2 {[%emt 0:11:39]} Qc8 {[%emt 0:14:06]} 18. Ne5 {[%emt 0:12:08]} f6 {[%emt 0:09:15]} 19. Nxd7 {[%emt 0:02:25]} Qxd7 {[%emt 0:00:40]} 20. Rbc1 {[%emt 0:02:04]} Rfc8 {[%emt 0:04:13]} 21. Rc2 {[%emt 0:05:33]} axb4 {[%emt 0:08:21]} 22. Nxb4 {[%emt 0:00:33]} Ra4 {[%emt 0:00:05]} 23. Qb3 {[%emt 0:03:02]} Bxb4 {[%emt 0:00:01]} 24. axb4 {[%emt 0:00:05]} Rca8 {[%emt 0:00:08]} 25. Rfc1 {[%emt 0:01:46]} R8a6 {[%emt 0:01:09]} 26. Bg3 {[%emt 0:04:42]} Kf7 {[%emt 0:00:02]} 27. Qc3 {[%emt 0:02:49]} Qe7 {[%emt 0:07:03]} 28. Qd2 {[%emt 0:01:39]} Qd7 {[%emt 0:01:54]} 29. f3 Kg7 30. Kh2 {[%emt 0:07:19]} Ra3 {[%emt 0:00:33]} 31. Rc3 {[%emt 0:00:21]} R3a4 {[%emt 0:00:35]} 32. R3c2 {[%emt 0:00:01]} Ra3 {[%emt 0:00:04]} 33. Rc3 {[%emt 0:00:20]} R3a4 {[%emt 0:00:06]} 1/2-1/2

[Event "80th ARM-ch 1st League 2019"]
[Site "Yerevan"]
[Date "2019.08.20"]
[Round "3.4"]
[White "Hayrapetyan, Hovik"]
[Black "Harutjunyan, Gevorg"]
[Result "1-0"]
[WhiteElo "2453"]
[BlackElo "2455"]
[Annotator "ChessBase"]
[PlyCount "117"]
[EventDate "2019.08.18"]
[EventType "tourn"]
[EventCountry "ARM"]
[SourceTitle "playchess.com"]
[Source "ChessBase"]
[SourceQuality "1"]
[TimeControl "40/5400+30:1800+30"]

1. Nf3 {[%emt 0:00:00]} Nf6 {[%emt 0:00:00]} 2. g3 {[%emt 0:00:44]} g6 {[%emt 0:00:05]} 3. Bg2 {[%emt 0:00:05]} Bg7 {[%emt 0:00:11]} 4. O-O {[%emt 0:00:26]} O-O {[%emt 0:00:13]} 5. c4 {[%emt 0:02:05]} d6 {[%emt 0:00:33]} 6. d4 {[%emt 0:01:04]} Nbd7 {[%emt 0:00:57]} 7. Nc3 {[%emt 0:00:27]} e5 {[%emt 0:00:16]} 8. e4 {[%emt 0:00:28]} exd4 {[%emt 0:01:15]} 9. Nxd4 {[%emt 0:04:35]} Re8 {[%emt 0:00:22]} 10. Re1 {[%emt 0:00:36]} a6 {[%emt 0:01:20]} 11. h3 {[%emt 0:05:05]} Rb8 {[%emt 0:03:13]} 12. Be3 {[%emt 0:02:01]} Ne5 {[%emt 0:02:54]} 13. b3 {[%emt 0:08:08]} c5 {[%emt 0:00:33]} 14. Nc2 {[%emt 0:17:16]} b5 {[%emt 0:02:06]} 15. f4 {[%emt 0:04:43]} Ned7 {[%emt 0:00:54]} 16. Qxd6 {[%emt 0:02:35]} b4 {[%emt 0:06:28]} 17. e5 {[%emt 0:01:43]} bxc3 {[%emt 0:06:20]} 18. Rad1 {[%emt 0:07:29]} Qa5 {[%emt 0:06:38]} 19. exf6 {[%emt 0:05:20]} Bf8 {[%emt 0:01:15]} 20. Qd3 {[%emt 0:00:14]} Nxf6 {[%emt 0:00:42]} 21. g4 {[%emt 0:01:15]} Nxg4 {[%emt 0:27:05]} 22. hxg4 {[%emt 0:00:05]} Bxg4 {[%emt 0:00:05]} 23. Rc1 {[%emt 0:09:50]} Bf5 {[%emt 0:02:18]} 24. Qf1 {[%emt 0:00:04]} Qxa2 {[%emt 0:00:32]} 25. Na1 {[%emt 0:00:33]} Rbd8 {[%emt 0:13:50]} 26. Bd5 {[%emt 0:01:55]} Qa5 {[%emt 0:07:04]} 27. Bf2 {[%emt 0:05:43]} Bg7 {[%emt 0:03:33]} 28. Nc2 {[%emt 0:01:32]} Qc7 {[%emt 0:02:45]} 29. Ne3 {[%emt 0:00:11]} Bc8 {[%emt 0:04:11]} 30. Bh4 {[%emt 0:03:05]} Bd4 {[%emt 0:02:14]} 31. Bxd8 {[%emt 0:00:24]} Qxd8 {[%emt 0:00:04]} 32. Qf3 {[%emt 0:00:15]} Re7 {[%emt 0:05:28]} 33. Kg2 {[%emt 0:00:21]} Qd7 {[%emt 0:00:32]} 34. Nc2 {[%emt 0:02:22]} Bf6 {[%emt 0:00:21]} 35. Rxe7 {[%emt 0:00:41]} Qxe7 {[%emt 0:00:11]} 36. Re1 {[%emt 0:00:17]} Qc7 {[%emt 0:00:16]} 37. Ne3 {[%emt 0:00:51]} Kg7 {[%emt 0:01:13]} 38. Re2 {[%emt 0:01:36]} h5 {[%emt 0:00:25]} 39. f5 {[%emt 0:00:53]} Qe5 {[%emt 0:00:34]} 40. fxg6 {[%emt 0:00:00]} fxg6 {[%emt 0:00:00]} 41. Qg3 {[%emt 0:02:32]} Qxg3+ {[%emt 0:04:17]} 42. Kxg3 {[%emt 0:00:17]} Be5+ {[%emt 0:00:25]} 43. Kg2 {[%emt 0:00:29]} g5 {[%emt 0:01:38]} 44. Be4 {[%emt 0:01:06]} g4 {[%emt 0:04:23]} 45. Bf5 {[%emt 0:00:27]} Bxf5 {[%emt 0:07:24]} 46. Nxf5+ {[%emt 0:00:17]} Kf6 {[%emt 0:00:02]} 47. Ne3 {[%emt 0:02:06]} Bd4 {[%emt 0:00:39]} 48. Nd5+ {[%emt 0:05:27]} Kf5 {[%emt 0:02:11]} 49. b4 {[%emt 0:00:52]} h4 {[%emt 0:03:09]} 50. b5 {[%emt 0:02:59]} h3+ {[%emt 0:03:11]} 51. Kg3 {[%emt 0:02:14]} Be5+ {[%emt 0:02:06]} 52. Kh4 {[%emt 0:00:05]} h2 {[%emt 0:01:08]} 53. Re1 {[%emt 0:00:59]} axb5 {[%emt 0:03:06]} 54. cxb5 {[%emt 0:00:04]} c2 {[%emt 0:01:34]} 55. b6 {[%emt 0:04:28]} Bb2 {[%emt 0:00:09]} 56. Ne3+ {[%emt 0:00:03]} Kf4 {[%emt 0:01:37]} 57. b7 {[%emt 0:00:37]} Bf6+ {[%emt 0:01:31]} 58. Kh5 {[%emt 0:00:03]} Be5 {[%emt 0:01:00]} 59. Nxg4 {[%emt 0:00:18]} 1-0

[Event "80th ARM-ch 1st League 2019"]
[Site "Yerevan"]
[Date "2019.08.20"]
[Round "3.5"]
[White "Gevorgyan, Albert"]
[Black "Sargsyan, Shant"]
[Result "0-1"]
[WhiteElo "2175"]
[BlackElo "2540"]
[Annotator "ChessBase"]
[PlyCount "82"]
[EventDate "2019.08.18"]
[EventType "tourn"]
[EventCountry "ARM"]
[SourceTitle "playchess.com"]
[Source "ChessBase"]
[SourceQuality "1"]
[TimeControl "40/5400+30:1800+30"]

1. Nf3 {[%emt 0:00:00]} d6 {[%emt 0:00:49]} 2. e4 {[%emt 0:01:15]} Nf6 {[%emt 0:00:56]} 3. Nc3 {[%emt 0:03:42]} c5 {[%emt 0:00:47]} 4. d4 {[%emt 0:10:10]} cxd4 {[%emt 0:00:28]} 5. Nxd4 {[%emt 0:00:14]} Nc6 {[%emt 0:00:47]} 6. Be2 {[%emt 0:00:14]} e5 {[%emt 0:00:59]} 7. Nb3 {[%emt 0:06:51]} Be7 {[%emt 0:01:07]} 8. O-O {[%emt 0:12:40]} O-O {[%emt 0:00:28]} 9. Bg5 {[%emt 0:01:21]} Nxe4 {[%emt 0:05:54]} 10. Nxe4 {[%emt 0:05:12]} Bxg5 {[%emt 0:00:05]} 11. Nxd6 {[%emt 0:01:13]} Qb6 {[%emt 0:08:37]} 12. Bc4 {[%emt 0:13:02]} g6 {[%emt 0:05:03]} 13. Qe2 {[%emt 0:04:20]} h5 {[%emt 0:09:21]} 14. Kh1 {[%emt 0:07:41]} Kg7 {[%emt 0:04:17]} 15. Rad1 {[%emt 0:05:58]} f5 {[%emt 0:08:14]} 16. f4 {[%emt 0:10:26]} Bxf4 {[%emt 0:03:29]} 17. Rxf4 {[%emt 0:00:19]} exf4 {[%emt 0:00:13]} 18. Nd4 {[%emt 0:00:27]} Bd7 {[%emt 0:04:51]} 19. Nf3 {[%emt 0:09:11]} Rf6 {[%emt 0:06:39]} 20. Bb5 {[%emt 0:01:09]} Qe3 {[%emt 0:03:17]} 21. Qc4 {[%emt 0:02:59]} a6 {[%emt 0:13:19]} 22. Bxc6 {[%emt 0:01:04]} Bxc6 {[%emt 0:00:07]} 23. Re1 {[%emt 0:00:38]} Qxe1+ {[%emt 0:01:16]} 24. Nxe1 {[%emt 0:00:07]} Rxd6 {[%emt 0:00:03]} 25. Nd3 {[%emt 0:01:28]} Re8 {[%emt 0:00:22]} 26. h4 {[%emt 0:00:38]} f3 {[%emt 0:01:05]} 27. gxf3 {[%emt 0:00:29]} Bxf3+ {[%emt 0:00:21]} 28. Kh2 {[%emt 0:00:25]} Bc6 {[%emt 0:00:13]} 29. Qc3+ {[%emt 0:00:28]} Kh7 {[%emt 0:00:25]} 30. Ne5 {[%emt 0:00:45]} Rde6 {[%emt 0:01:28]} 31. Nxc6 {[%emt 0:00:08]} Rxc6 {[%emt 0:02:15]} 32. Qd3 {[%emt 0:00:26]} Rce6 {[%emt 0:00:47]} 33. Qd5 {[%emt 0:00:25]} R8e7 {[%emt 0:00:28]} 34. Qc5 {[%emt 0:01:04]} Re4 {[%emt 0:01:30]} 35. Kg3 {[%emt 0:00:23]} Rg4+ {[%emt 0:00:38]} 36. Kf3 {[%emt 0:00:25]} Rg7 {[%emt 0:00:20]} 37. b4 {[%emt 0:00:34]} Rxh4 {[%emt 0:00:15]} 38. a4 {[%emt 0:00:08]} Rg4 {[%emt 0:00:29]} 39. c4 {[%emt 0:00:57]} h4 {[%emt 0:00:14]} 40. a5 {[%emt 0:00:00]} h3 {[%emt 0:00:00]} 41. Qd6 {[%emt 0:00:41]} Rxc4 {[%emt 0:01:02]} 0-1

[Event "80th ARM-ch 1st League 2019"]
[Site "Yerevan"]
[Date "2019.08.20"]
[Round "3.6"]
[White "Mikaelyan, Arman"]
[Black "Harutyunian, Tigran K."]
[Result "1-0"]
[WhiteElo "2454"]
[BlackElo "2555"]
[Annotator "ChessBase"]
[PlyCount "87"]
[EventDate "2019.08.18"]
[EventType "tourn"]
[EventCountry "ARM"]
[SourceTitle "playchess.com"]
[Source "ChessBase"]
[SourceQuality "1"]
[TimeControl "40/5400+30:1800+30"]

1. e4 {[%emt 0:06:24]} c5 {[%emt 0:00:00]} 2. Nc3 {[%emt 0:01:20]} e6 {[%emt 0:00:15]} 3. f4 {[%emt 0:00:37]} d5 {[%emt 0:03:08]} 4. Nf3 {[%emt 0:00:54]} dxe4 {[%emt 0:03:20]} 5. Nxe4 {[%emt 0:00:26]} Nf6 {[%emt 0:01:04]} 6. Nxf6+ {[%emt 0:01:42]} Qxf6 {[%emt 0:01:25]} 7. g3 {[%emt 0:00:40]} Bd7 {[%emt 0:09:47]} 8. Ne5 {[%emt 0:09:04]} Bc6 {[%emt 0:03:08]} 9. Nxc6 {[%emt 0:00:14]} Nxc6 {[%emt 0:00:06]} 10. Bg2 {[%emt 0:02:10]} Rc8 {[%emt 0:01:03]} 11. O-O {[%emt 0:00:33]} h5 {[%emt 0:06:47]} 12. d3 {[%emt 0:07:34]} g6 {[%emt 0:01:27]} 13. c3 {[%emt 0:01:24]} Bg7 {[%emt 0:02:34]} 14. Be3 {[%emt 0:00:42]} Qe7 {[%emt 0:00:55]} 15. Qa4 {[%emt 0:01:15]} a6 {[%emt 0:17:29]} 16. Qa3 {[%emt 0:05:27]} Nb8 {[%emt 0:00:18]} 17. Rae1 {[%emt 0:02:20]} Rc7 {[%emt 0:08:57]} 18. f5 {[%emt 0:19:04]} gxf5 {[%emt 0:00:25]} 19. Bf4 {[%emt 0:01:09]} O-O {[%emt 0:09:01]} 20. Bxc7 {[%emt 0:00:33]} Qxc7 {[%emt 0:00:03]} 21. Qb3 {[%emt 0:00:09]} b5 {[%emt 0:01:28]} 22. Qd1 {[%emt 0:01:33]} h4 {[%emt 0:02:00]} 23. g4 {[%emt 0:00:58]} f4 {[%emt 0:02:29]} 24. g5 {[%emt 0:00:40]} b4 {[%emt 0:02:11]} 25. Qh5 {[%emt 0:03:53]} Nd7 {[%emt 0:01:28]} 26. Qxh4 {[%emt 0:08:16]} bxc3 {[%emt 0:00:32]} 27. bxc3 {[%emt 0:00:22]} Bxc3 {[%emt 0:09:01]} 28. Re2 {[%emt 0:05:59]} Ne5 {[%emt 0:09:32]} 29. Qxf4 {[%emt 0:01:22]} Qd6 {[%emt 0:00:07]} 30. Kh1 {[%emt 0:00:46]} Qd4 {[%emt 0:01:17]} 31. Re4 {[%emt 0:00:43]} Qd5 {[%emt 0:00:55]} 32. Qg3 {[%emt 0:02:38]} Ng6 {[%emt 0:02:33]} 33. Rc4 {[%emt 0:03:21]} Qe5 {[%emt 0:00:09]} 34. Qxe5 {[%emt 0:00:09]} Bxe5 {[%emt 0:00:06]} 35. Rxc5 {[%emt 0:00:10]} Bd6 {[%emt 0:00:29]} 36. Rc6 {[%emt 0:00:27]} Be7 {[%emt 0:01:14]} 37. Rxa6 {[%emt 0:00:06]} Bxg5 {[%emt 0:00:24]} 38. Ra8 {[%emt 0:00:05]} Be3 {[%emt 0:00:27]} 39. a4 {[%emt 0:00:19]} f5 {[%emt 0:00:27]} 40. a5 {[%emt 0:00:00]} Ne5 {[%emt 0:00:00]} 41. Rxf8+ {[%emt 0:04:53]} Kxf8 {[%emt 0:00:12]} 42. a6 {[%emt 0:00:31]} Ke7 {[%emt 0:03:02]} 43. Re1 {[%emt 0:01:11]} f4 {[%emt 0:00:26]} 44. a7 {[%emt 0:00:12]} 1-0

[Event "80th ARM-ch 1st League 2019"]
[Site "Yerevan"]
[Date "2019.08.20"]
[Round "3.7"]
[White "Torosyan, Norayr"]
[Black "Shahinyan, David"]
[Result "1/2-1/2"]
[WhiteElo "2365"]
[BlackElo "2452"]
[Annotator "ChessBase"]
[PlyCount "96"]
[EventDate "2019.08.18"]
[EventType "tourn"]
[EventCountry "ARM"]
[SourceTitle "playchess.com"]
[Source "ChessBase"]
[SourceQuality "1"]
[TimeControl "40/5400+30:1800+30"]

1. e4 {[%emt 0:00:00]} e6 {[%emt 0:00:00]} 2. d4 {[%emt 0:00:01]} d5 {[%emt 0:00:04]} 3. Nd2 {[%emt 0:00:05]} a6 {[%emt 0:01:19]} 4. Ngf3 {[%emt 0:02:43]} c5 {[%emt 0:00:22]} 5. exd5 {[%emt 0:05:11]} exd5 {[%emt 0:00:09]} 6. dxc5 {[%emt 0:01:44]} Bxc5 {[%emt 0:00:21]} 7. Bd3 {[%emt 0:00:05]} Nf6 {[%emt 0:01:41]} 8. Nb3 {[%emt 0:04:08]} Bb6 {[%emt 0:02:07]} 9. Qe2+ {[%emt 0:01:51]} Qe7 {[%emt 0:02:31]} 10. Qxe7+ {[%emt 0:00:18]} Kxe7 {[%emt 0:00:01]} 11. O-O {[%emt 0:04:17]} Nc6 {[%emt 0:04:00]} 12. Re1+ {[%emt 0:06:48]} Be6 {[%emt 0:00:04]} 13. c3 {[%emt 0:03:25]} Rhe8 {[%emt 0:02:10]} 14. Bf4 {[%emt 0:06:06]} Rad8 {[%emt 0:02:28]} 15. Nfd4 {[%emt 0:02:44]} Nxd4 {[%emt 0:04:12]} 16. Nxd4 {[%emt 0:02:52]} Bxd4 {[%emt 0:22:04]} 17. cxd4 {[%emt 0:00:06]} Ne4 {[%emt 0:01:18]} 18. f3 {[%emt 0:09:50]} Nd6 {[%emt 0:02:27]} 19. g4 {[%emt 0:00:56]} h6 {[%emt 0:00:41]} 20. Kf2 {[%emt 0:02:17]} Rc8 {[%emt 0:01:42]} 21. Rac1 {[%emt 0:02:29]} Kd7 {[%emt 0:01:09]} 22. Be5 {[%emt 0:05:50]} f6 {[%emt 0:02:11]} 23. Rxc8 {[%emt 0:00:20]} Nxc8 {[%emt 0:00:34]} 24. Bf4 {[%emt 0:00:11]} Nd6 {[%emt 0:00:45]} 25. Rc1 {[%emt 0:03:50]} Rc8 {[%emt 0:01:24]} 26. Rxc8 {[%emt 0:00:30]} Nxc8 {[%emt 0:00:01]} 27. Bd2 {[%emt 0:00:08]} Ke8 {[%emt 0:05:50]} 28. Bb4 {[%emt 0:00:37]} Kf7 {[%emt 0:00:11]} 29. Kg3 {[%emt 0:05:49]} Ne7 {[%emt 0:03:12]} 30. h4 {[%emt 0:00:24]} Nc6 {[%emt 0:04:06]} 31. Bc5 {[%emt 0:00:35]} g6 {[%emt 0:01:19]} 32. h5 {[%emt 0:05:55]} gxh5 {[%emt 0:00:59]} 33. gxh5 {[%emt 0:00:04]} Bd7 {[%emt 0:02:17]} 34. Bg6+ {[%emt 0:01:52]} Kg7 {[%emt 0:00:13]} 35. Bc2 {[%emt 0:00:22]} Nd8 {[%emt 0:00:48]} 36. Bb6 {[%emt 0:03:34]} Nf7 {[%emt 0:02:28]} 37. Bc7 {[%emt 0:03:40]} Ng5 {[%emt 0:00:46]} 38. a4 {[%emt 0:03:14]} Be8 {[%emt 0:07:59]} 39. Bb3 {[%emt 0:00:29]} Bc6 {[%emt 0:03:01]} 40. Ba2 {[%emt 0:00:00]} Kf7 {[%emt 0:00:00]} 41. a5 {[%emt 0:13:17]} Ne6 {[%emt 0:10:46]} 42. Bb6 {[%emt 0:00:27]} Ng7 {[%emt 0:01:08]} 43. Kh4 {[%emt 0:02:32]} Ke6 {[%emt 0:15:21]} 44. Bb1 {[%emt 0:10:10]} Be8 {[%emt 0:11:59]} 45. Bc5 {[%emt 0:00:33]} Nxh5 {[%emt 0:00:29]} 46. Bf8 {[%emt 0:01:28]} Nf4 {[%emt 0:00:15]} 47. Bxh6 {[%emt 0:00:21]} Bg6 {[%emt 0:00:07]} 48. Bxf4 {[%emt 0:03:24]} Bxb1 {[%emt 0:00:04]} 1/2-1/2

[Event "80th ARM-ch 1st League 2019"]
[Site "Yerevan"]
[Date "2019.08.21"]
[Round "4.1"]
[White "Shahinyan, David"]
[Black "Gevorgyan, Albert"]
[Result "1-0"]
[WhiteElo "2452"]
[BlackElo "2175"]
[Annotator "ChessBase"]
[PlyCount "65"]
[EventDate "2019.08.18"]
[EventType "tourn"]
[EventCountry "ARM"]
[SourceTitle "playchess.com"]
[Source "ChessBase"]
[SourceQuality "1"]
[TimeControl "40/5400+30:1800+30"]

1. e4 {[%emt 0:00:00]} e5 {[%emt 0:00:42]} 2. Nf3 {[%emt 0:00:00]} Nc6 {[%emt 0:00:09]} 3. d4 {[%emt 0:00:12]} exd4 {[%emt 0:00:34]} 4. Nxd4 {[%emt 0:00:03]} Qf6 {[%emt 0:00:12]} 5. Nf3 {[%emt 0:00:05]} Bb4+ {[%emt 0:00:12]} 6. Nbd2 {[%emt 0:00:09]} Nge7 {[%emt 0:00:20]} 7. Be2 {[%emt 0:00:45]} O-O {[%emt 0:01:02]} 8. O-O {[%emt 0:00:33]} Bc5 {[%emt 0:01:39]} 9. Nc4 {[%emt 0:12:51]} d6 {[%emt 0:03:19]} 10. c3 {[%emt 0:00:14]} a5 {[%emt 0:05:17]} 11. Be3 {[%emt 0:07:23]} Bxe3 {[%emt 0:08:24]} 12. Nxe3 {[%emt 0:00:01]} Ng6 {[%emt 0:00:55]} 13. Nd5 {[%emt 0:03:32]} Qd8 {[%emt 0:00:08]} 14. Nd2 {[%emt 0:00:38]} Nce7 {[%emt 0:13:38]} 15. Nxe7+ {[%emt 0:09:00]} Nxe7 {[%emt 0:07:47]} 16. f4 {[%emt 0:00:32]} d5 {[%emt 0:01:52]} 17. e5 {[%emt 0:02:43]} Nf5 {[%emt 0:09:22]} 18. Rf3 {[%emt 0:05:03]} f6 {[%emt 0:06:20]} 19. Bd3 {[%emt 0:05:17]} fxe5 {[%emt 0:09:37]} 20. fxe5 {[%emt 0:00:15]} Be6 {[%emt 0:11:29]} 21. Qe2 {[%emt 0:03:07]} Qg5 {[%emt 0:03:10]} 22. Raf1 {[%emt 0:04:35]} b6 {[%emt 0:00:21]} 23. h4 {[%emt 0:18:19]} Qh5 {[%emt 0:08:17]} 24. Qf2 {[%emt 0:00:00]} g6 {[%emt 0:00:20]} 25. Rf4 {[%emt 0:01:09]} Qh6 {[%emt 0:01:24]} 26. g3 {[%emt 0:00:03]} Qg7 {[%emt 0:04:49]} 27. Nf3 {[%emt 0:00:50]} c5 {[%emt 0:00:36]} 28. Ng5 {[%emt 0:00:41]} Bd7 {[%emt 0:01:33]} 29. g4 {[%emt 0:03:58]} Ne7 {[%emt 0:00:28]} 30. e6 {[%emt 0:01:04]} Rxf4 {[%emt 0:00:31]} 31. Qxf4 {[%emt 0:00:09]} h6 {[%emt 0:00:06]} 32. exd7 {[%emt 0:00:39]} hxg5 {[%emt 0:00:10]} 33. Qc7 {[%emt 0:00:06]} 1-0

[Event "80th ARM-ch 1st League 2019"]
[Site "Yerevan"]
[Date "2019.08.21"]
[Round "4.2"]
[White "Chaqryan, Erik"]
[Black "Hayrapetyan, Hovik"]
[Result "1/2-1/2"]
[WhiteElo "2105"]
[BlackElo "2453"]
[Annotator "ChessBase"]
[PlyCount "35"]
[EventDate "2019.08.18"]
[EventType "tourn"]
[EventCountry "ARM"]
[SourceTitle "playchess.com"]
[Source "ChessBase"]
[SourceQuality "1"]
[TimeControl "40/5400+30:1800+30"]

1. e4 {[%emt 0:00:00]} g6 {[%emt 0:03:31]} 2. d4 {[%emt 0:01:49]} Bg7 {[%emt 0:02:42]} 3. Nc3 {[%emt 0:01:26]} c6 {[%emt 0:03:04]} 4. Be3 {[%emt 0:05:59]} d5 {[%emt 0:02:51]} 5. Qd2 {[%emt 0:03:36]} Nf6 {[%emt 0:15:01]} 6. e5 {[%emt 0:03:43]} Ng4 {[%emt 0:00:21]} 7. f4 {[%emt 0:06:31]} c5 {[%emt 0:07:09]} 8. Nf3 {[%emt 0:04:37]} Nxe3 {[%emt 0:07:03]} 9. Qxe3 {[%emt 0:00:04]} c4 {[%emt 0:03:30]} 10. b3 {[%emt 0:18:36]} cxb3 {[%emt 0:01:13]} 11. axb3 {[%emt 0:00:12]} O-O {[%emt 0:00:51]} 12. Be2 {[%emt 0:08:51]} Bf5 {[%emt 0:08:08]} 13. Bd3 {[%emt 0:01:48]} Bxd3 {[%emt 0:03:01]} 14. Qxd3 {[%emt 0:00:51]} Nc6 {[%emt 0:00:23]} 15. Ne2 {[%emt 0:02:36]} Rc8 {[%emt 0:02:38]} 16. c3 {[%emt 0:08:36]} Qd7 {[%emt 0:06:33]} 17. O-O {[%emt 0:02:21]} a5 {[%emt 0:00:22]} 18. h3 {[%emt 0:03:49]} 1/2-1/2